American Writing Today. Vol. 1.
Salvato in:
| Autore principale: | |
|---|---|
| Natura: | Libro |
| Lingua: | Undetermined |
| Pubblicazione: |
Washington, Estados Unidos
Forum Series
1982
|
| Soggetti: | |
| Tags: |
Aggiungi Tag
Nessun Tag, puoi essere il primo ad aggiungerne!!
|
MARC
| LEADER | 00000nam a2200000Ia 4500 | ||
|---|---|---|---|
| 008 | 170316s9999 xx 000 0 und d | ||
| 040 | |a cru BVZT | ||
| 090 | |a A-810 K-3a v.1 | ||
| 100 | |a Kostelanetz, Richard | ||
| 245 | |a American Writing Today. Vol. 1. | ||
| 260 | |a Washington, Estados Unidos | ||
| 260 | |b Forum Series | ||
| 260 | |c 1982 | ||
| 300 | |a 339 páginas Vol. 1. | ||
| 650 | |a LITERATURA ESTADOUNIDENSE | ||
| 650 | |a ANTOLOGÍA | ||
| 999 | |c 12270 |d 12270 | ||
| 942 | |c 15 D |h A-810 K-3a v.1 |2 z | ||
